000 01078naa a2200301 c 4500
001 37287
003 ES-MaCES
005 20070111103100.0
008 060928n2006 xxk t ||0 | eng d
035 _aCES20060015613v
040 _aES-MaCES
_bspa
_cES-MaCES
100 1 _aBandyopadhyay, Subhayu
_97009
245 1 4 _aThe role of Capital Mobility in Illegal Immigration Policy
_cSubhayu Bandyopadhyay, Sudeshna C. Bandyopadhyay
500 _aResumen
504 _aBibliografía: p. 189
650 4 _aanálisis estadístico
_928889
650 4 _amercado de trabajo
_928292
650 4 _acapital
_928127
650 4 _apolítica migratoria
_929183
650 4 _ainmigración ilegal
_930619
650 4 _ainmigración
_928632
653 1 0 _aEmpleo
700 1 _aBandyopadhyay, Sudeshna C.
_97010
773 0 _tThe journal of international trade and economic development
_gvol. 15, no. 2 (June 2006){10377 R. 065101}; p. 173-189
_w(ES-MaCES)25387
_954617
902 _aART Artículo de revista
942 _2CES
_cAR
_h2.1.
999 _c37287
_d37287